000 00304nam a2200121Ia 4500
008 240624s9999 xx 000 0 und d
041 _aeng
082 _a658.472 BAE
100 _aBAESENS BART
245 _aANALYTICS IN A BIG DATA WORLD THE ESSENT
260 _c2014
_aNew Delhi
_bWiley
365 _cRS
_b33
999 _c26470
_d26470